| 000 | 00778cab a2200241 4500 | ||
|---|---|---|---|
| 001 | X2829 | ||
| 008 | 090401t1995 xxu||||| |||| 00| 0 eng d | ||
| 035 | _a(Sirsi) u26658 | ||
| 041 | _aeng | ||
| 245 | _aUK off-shore operators | ||
| 260 | _c1995 | ||
| 350 | _a0 | ||
| 490 |
_aCSM (Chartered Surveyor Monthly) _v5(1) September 1995, 22(1) |
||
| 520 | _aSummarises issues of interest to the RICS hydrographic surveying skills panel, including standards for DGPS systems, GNSS, and safety training. | ||
| 650 | _aDGPS | ||
| 650 | _aGLONASS | ||
| 650 | _aGLOBAL POSITIONING SYSTEMS | ||
| 650 | _aHYDROGRAPHIC SURVEYING SKILLS PANEL | ||
| 650 | _aOFF-SHORE PETROLEUM INDUSTRYS TRAINING ORGANISATION | ||
| 690 | _aMARINE RESOURCES | ||
| 942 | _n0 | ||
| 948 | _c04/03/1997 | ||
| 999 |
_c17936 _d17936 |
||